« Car nul ne peut me voir et vivre » (Exode, 33, 20) (notice n° 1605563)
[ vue normale ]
| 000 -LEADER | |
|---|---|
| fixed length control field | 01497cam a2200181 4500500 |
| 005 - DATE AND TIME OF LATEST TRANSACTION | |
| control field | 20251228095111.0 |
| 041 ## - LANGUAGE CODE | |
| Language code of text/sound track or separate title | fre |
| 042 ## - AUTHENTICATION CODE | |
| Authentication code | dc |
| 100 10 - MAIN ENTRY--PERSONAL NAME | |
| Personal name | Rojtman, Betty |
| Relator term | author |
| 245 00 - TITLE STATEMENT | |
| Title | « Car nul ne peut me voir et vivre » (Exode, 33, 20) |
| 260 ## - PUBLICATION, DISTRIBUTION, ETC. | |
| Date of publication, distribution, etc. | 2020.<br/> |
| 500 ## - GENERAL NOTE | |
| General note | 27 |
| 520 ## - SUMMARY, ETC. | |
| Summary, etc. | La défense faite à Israël d’approcher le divin, thème récurrent de la Bible juive, semble imposer l’idée d’un invisible radical et sacré. En regard de cette lecture, le Midrash et surtout la Kabbale nous proposent une interprétation à la fois éthique et dynamique du rapport flottant entre le visible et l’invisible. |
| 520 ## - SUMMARY, ETC. | |
| Summary, etc. | As a recurring theme in the Jewish Bible, the injunction for Israel not to come close to the divine seems to impose a notion of radical and sacred invisibility. Yet the Midrash and more particularly the Kabbalah offer an ethical and dynamic reading of the shifting relation between the visible and the invisible. |
| 520 ## - SUMMARY, ETC. | |
| Summary, etc. | A proibição de se aproximar do divino, imposta ao povo de Israel, é um tema bíblico recorrente no qual perpassa uma conceção radical e sagrada da invisibilidade. Nesta perspetiva, o Midrash e principalmente a Cabala, oferecem-nos uma interpretação ao mesmo tempo ética e dinâmica da relação flutuante entre o visível e o invisível. |
| 786 0# - DATA SOURCE ENTRY | |
| Note | Sigila | 45 | 1 | 2020-05-14 | p. 131-142 | 1286-1715 |
| 856 41 - ELECTRONIC LOCATION AND ACCESS | |
| Uniform Resource Identifier | <a href="https://shs.cairn.info/revue-sigila-2020-1-page-131?lang=fr&redirect-ssocas=7080">https://shs.cairn.info/revue-sigila-2020-1-page-131?lang=fr&redirect-ssocas=7080</a> |
Pas d'exemplaire disponible.




Réseaux sociaux